000
00297nam a22001337a 4500
008
170804b xxu||||| |||| 00| 0 eng d
020
_a
9780071772518
041
_a
eng
080
_a
004
100
_a
33
101
_a
SHK
245
_a
SECURITY AUTOMATION ESSENTIALS
_c
WITTE,G
942
_2
udc
_c
BK
999
_c
22732
_d
22732